Normal view
MARC view
- National Seminar on Shah-e-Hamedan Mir Saiyid Ali Hamedani
Entry Meeting Name
001 - CONTROL NUMBER
- control field: 5699
003 - CONTROL NUMBER IDENTIFIER
- control field: NUST
005 - DATE AND TIME OF LATEST TRANSACTION
- control field: 20171027160719.0
008 - FIXED-LENGTH DATA ELEMENTS
- fixed length control field: 171027|| aca||aabn | a|a d
040 ## - CATALOGING SOURCE
- Original cataloging agency: NUST
- Transcribing agency: NUST
111 ## - HEADING--MEETING NAME
- Meeting name or jurisdiction name as entry element: National Seminar on Shah-e-Hamedan Mir Saiyid Ali Hamedani
- Date of meeting: (2001 :
- Location of meeting: Department of History, Jamia Millia Islamia)
670 ## - SOURCE DATA FOUND
- Source citation: Work cat.: (NUST)0: National Seminar on Shah-e-Hamedan Mir Saiyid Ali Hamedani (2001 : Department of History, Jamia Millia Islamia), Shah-i-Hamedan aur Allama Iqbal /, 1958
